Follow Me: (Record no. 49113)
| 000 -LEADER | |
|---|---|
| fixed length control field | 00299nam a2200109 4500 |
| 020 ## - INTERNATIONAL STANDARD BOOK NUMBER | |
| International Standard Book Number | 9781783413010 |
| 100 ## - MAIN ENTRY--PERSONAL NAME | |
| Personal name | Priddy, Roger, |
| Relator term | author. |
| 9 (RLIN) | 42813 |
| 245 ## - TITLE STATEMENT | |
| Title | Follow Me: |
| Remainder of title | Finger Mazes / |
| Statement of responsibility, etc | by Roger Priddy. |
| 260 ## - PUBLICATION, DISTRIBUTION, ETC. (IMPRINT) | |
| Place of publication, distribution, etc | London : |
| Name of publisher, distributor, etc | Priddy ; |
| Date of publication, distribution, etc | September 1, 2016. |
| 300 ## - PHYSICAL DESCRIPTION | |
| Extent | 14 pages. |
| 942 ## - ADDED ENTRY ELEMENTS (KOHA) | |
| Source of classification or shelving scheme | |
| Koha item type | Board Book |
| Withdrawn status | Lost status | Source of classification or shelving scheme | Damaged status | Not for loan | Home library | Current library | Date acquired | Total Checkouts | Full call number | Barcode | Date last seen | Date checked out | Price effective from | Koha item type |
|---|---|---|---|---|---|---|---|---|---|---|---|---|---|---|
| Logos International School | Logos International School | 08/05/2025 | 11 | BB PRI | 040620 | 04/06/2026 | 04/02/2026 | 08/05/2025 | Board Book |